000 00308nam a2200133Ia 4500
008 191201s2011 xx 000 0 und d
100 _aJOSHI,Rakesh mohan
245 0 _aInternational Marketing
250 _aIMP 5th
260 _c2011
_bOxford
_aN. delhi
300 _a750
650 _aMBA
942 _2ddc
_cBB
999 _c7532
_d7532